Hockley's insolvency law/ (Record no. 50386)

MARC details
000 -LEADER
fixed length control field 00543nam a2200169Ia 4500
008 - FIXED-LENGTH DATA ELEMENTS--GENERAL INFORMATION
fixed length control field 210804s9999 xx 000 0 und d
020 ## - INTERNATIONAL STANDARD BOOK NUMBER
International Standard Book Number <a href="9780702173011"">9780702173011"</a>
Qualifying information
040 ## - CATALOGING SOURCE
Transcribing agency 3228
082 ## - DEWEY DECIMAL CLASSIFICATION NUMBER
Classification number 346.78068 HOCK
100 ## - MAIN ENTRY--PERSONAL NAME
Personal name SHARROCK, Robert
-- van der Linde, Kathleen
-- Smith, Alastair
245 #0 - TITLE STATEMENT
Title Hockley's insolvency law/
Statement of responsibility, etc. Robert Sharrock, Kathleen van der Linde and Alastair Smith
250 ## - EDITION STATEMENT
Edition statement 8th edition
260 ## - PUBLICATION, DISTRIBUTION, ETC.
Place of publication, distribution, etc. Cleremont
Name of publisher, distributor, etc. Juta
Date of publication, distribution, etc. 2006
300 ## - PHYSICAL DESCRIPTION
Extent 413 pages.
Dimensions 25 cm
500 ## - GENERAL NOTE
General note Includes index
942 ## - ADDED ENTRY ELEMENTS
item type Books
Source of classification or shelving scheme Dewey Decimal Classification
Holdings
Withdrawn status Lost status Source of classification or shelving scheme Damaged status Not for loan Home library Current library Date acquired Total Checkouts Barcode Date last seen Price effective from item type
    Dewey Decimal Classification     RIVERSIDE REFERENCE LIBRARY RIVERSIDE REFERENCE LIBRARY 22.02.2022   33228024054221 22.02.2022 22.02.2022 Books